| 000 | 01244nam a2200217Ia 4500 | ||
|---|---|---|---|
| 003 | OSt | ||
| 005 | 20250819185947.0 | ||
| 008 | 160316s2005 xxu||||| |||| 00| 0 eng d | ||
| 020 | _a9780553213522 | ||
| 040 | _cnls | ||
| 082 | _a891.733 DOS | ||
| 100 | _aDostoevsky Fyodor | ||
| 245 | _aThe idiot | ||
| 260 |
_aLondon _bBentham Classic _c2005 |
||
| 300 | _a696p | ||
| 365 | _b Rs. 299 | ||
| 505 | _aDescription : Returning to Russia from a sanitarium in Switzerland, the Christ-like epileptic Prince Myshkin finds himself enmeshed in a tangle of love, torn between two women—the notorious kept woman Nastasya and the pure Aglaia—both involved, in turn, with the corrupt, money-hungry Ganya. In the end, Myshkin’s honesty, goodness, and integrity are shown to be unequal to the moral emptiness of those around him. In her revision of the Garnett translation, Anna Brailovsky has corrected inaccuracies wrought by Garnett’s drastic anglicization of the novel, restoring as much as possible the syntactical structure of the original story. | ||
| 650 | _a1. Princes - Social Conditions - Russia 2. Russia - Federation - Good & Evil 3. Triangles - Interpersonal Relations - Manners & Customs | ||
| 700 |
_a _a |
||
| 942 |
_2ddc _cBK |
||
| 999 |
_c41478 _d41478 |
||